000
00281nam a2200109Ia 4500
008
190914s9999||||xx |||||||||||||| ||und||
100
_a
Dr.Rab Nawaz Samo
245
0
_a
Encylopedic Manual of Everyday Science
260
_a
Karachi
_b
Faridi Book
_c
2000
300
_a
423
942
_c
BK
999
_c
8908
_d
8908